Statistics for Countries that borders China by their official names.

Click here to take the quiz!

General Stats

  • This quiz has been taken 4 times
  • The average score is 6 of 14

Answer Stats

Country% Correct
Mongolia
100%
Democratic People’s Republic of Korea
50%
Islamic Republic of Pakistan
50%
Kingdom of Bhutan
50%
Kyrgyz Republic
50%
Republic of India
50%
Republic of Kazakhstan
50%
Republic of Tajikistan
50%
Federal Democratic Republic of Nepal
25%
Islamic Emirate of Afghanistan
25%
Lao People’s Democratic Republic
25%
Republic of the Union of Myanmar
25%
Russian Federation
25%
Socialist Republic of VietNam
25%

Score Distribution

Percentile by Number Answered

Percent of People with Each Score

Your Score History

You have not taken this quiz